00657nam a2200193 a 450000100100000000500170001000800410002704000250006808200260009324500720011925000120019126000660020330000210026949000230029065000480031365000500036170000290041183000230044000003782720201002031125.0130306s1984 dr 000 0 spa d aDO-SdBNPbspacBNPHU aRD861.08bA634p, 198400aAntología de la poesía dominicana 1844-1944 /cVicente Llorens. a2a. ed. aSanto Domingo :bSociedad Dominicana de Bibliófilos,c1984. a348 p. ;c24 cm.1 aCultura dominicana 4aPoesía dominicanay1844-1944vCOLECCIONES 4aLiteratura dominicanay1844-1944vCOLECCIONES1 aLlorens, Vicente,ecomp. 0aCultura dominicana